000 00858cab a2200229 4500
001 ABS50303
008 090401t1994 xxu||||| |||| 00| 0 eng d
035 _a(Sirsi) u75187
041 _aeng
100 _aMadoc-Jones, D.
245 _aMulti-media, morphing and development marketing
260 _c1994
350 _a0
490 _aEstates Gazette
_v(9409) 5 March 1994, 172-173(2)
520 _aAssesses the role which "interactive" presentations of multi-media and graphics techniques such as Computer-aided design systems can play in increasing the scope of development marketing. Looks at the implications for architects, engineers and developers.
650 _aMARKETING
650 _aMULTIMEDIA
650 _aPRESENTATION GRAPHICS
690 _aMANAGEMENT-BUSINESS MANAGEMENT-INFORMATION MANAGEMENT
942 _n0
948 _c04/03/1997
999 _c47368
_d47368